• 首页
  • 本馆介绍
  • 公告通知
  • 最新文献
  • 馆藏检索
  • 电子资源
  • 读者导购
  • 参考咨询
  • 我的图书馆
  • 登录
  • 详细信息显示
  • 放入我的书架
  • 预约/预借图书
  • 作者相关作品
  • 分类相关作品
  • 丛书相关作品
  • 出版社相关作品

书目信息

  • 表格格式
  • 工作单格式
  • 卡片格式
题名:
人性的证明
    
 
作者: 森村诚一 著 ;王智新 译
分册:  
出版信息: 南京   江苏人民出版社  1979
页数: 356页
开本: 19cm
丛书名:
单 册:
中图分类: I313.4
科图分类:
主题词: 推理小说--日本--现代 , 长篇小说--日本--现代 , 文学
电子资源:
ISBN:
000 00694nam0 2200253 45
001 0179006107
005 20070802115927.06
010    @dCNY0.78
091    @a10100.336
100    @a19950720d1979 em y0chiy0121 ea
101 1  @achi@cjpn
102    @aCN@b320000
105    @af z 000ay
200 10 @a人性的证明@Aren xing de zheng ming@f(日)森村诚一著@g王智新译
210    @a南京@c江苏人民出版社@d1979
215    @a356页@c插图@d19cm
606    @a推理小说@y日本@z现代
606    @a长篇小说@y日本@z现代
606 0  @a文学
690    @aI313.4
701  0 @a森村诚一@Asen cun cheng yi@4著
702  0 @a王智新@Awang zhi xin@4译
801  0 @aCN@bNLC@c20070802
905    @dI313.4@e1@b63362@f1
    
    人性的证明/(日)森村诚一著/王智新译.-南京:江苏人民出版社,1979
    356页:插图;19cm
    
    
    ISBN :CNY0.78
    
●
相关链接 在E读中查询图书 在五车中查询图书 在当当中查询图书 在豆瓣中查询图书


正题名:人性的证明     索取号:I313.4/1         预约/预借

序号 登录号 条形码 馆藏地/架位号 状态 备注
1 0063362   000895758   第一样本阅览室/ [索取号:I313.4/1] 在馆    
2 0450514   204505142   密集书库/ [索取号:I313.4/1] 在馆    
3 0475590   204755906   密集书库/ [索取号:I313.4/1] 在馆    
4 0791063   207910634   密集书库/ [索取号:I313.4/1] 在馆    
欢迎您!
大连网信软件有限公司© 版权所有